Statistics for Foods that Start with W Quiz

Click here to take the quiz!

General Stats

  • This quiz has been taken 43,767 times
    (31,713 since last reset)
  • The average score is 11 of 16

Answer Stats

Clue Food % Correct
Huge fruit with red flesh and
black seeds
Watermelon
99%
Fermented grape juiceWine
92%
Popular type of nutWalnut
92%
Another name for hot dog or frankfurterWiener
86%
Spicy green root eaten with sushiWasabi
86%
Staple crop of EuropeWheat
83%
Breakfast dish made with two patterned
iron pans set on top of each other
Waffle
77%
Lea & Perrins sauceWorcestershire
Sauce
67%
Generic term for German sausageWurst
62%
The liquid remaining after
milk has been curdled and strained
Whey
60%
Common Chinese dumplingWonton
60%
Salad named after a New York hotelWaldorf Salad
59%
Famous product of Kentucky or ScotlandWhiskey
59%
Semi-aquatic leafy green vegetableWatercress
40%
Brand of high-fiber, brick-like breakfast
cereal from Australia
Weet Bix
40%
Japanese beef varietyWagyu
37%

Score Distribution

Percentile by Number Answered

Percent of People with Each Score

Your Score History

You have not taken this quiz since the last reset